Biblioteca

Who was and who is Calvin?: Interpretations of recent times (Registro nro. 62681)

Detalles MARC
000 -LÍDER
Campo fijo de descripción fija 005900000a22001330004500
100 1# - ASIENTO PRINCIPAL--NOMBRE PERSONAL
Nombre personal Busch, Eberhard
245 10 - TÍTULO
Título del Material Who was and who is Calvin?: Interpretations of recent times
300 ## - DESCRIPCIÓN FÍSICA
Extensión Vol.57, núm.4 (2007), Páginas 237-250
500 ## - NOTA GENERAL
Nota General El autor quiere fomentar la publicación y estudio de todos los escritos de Calvino para ver lo que dice a los cristianos hoy.
650 14 - ASIENTO SECUNDARIO DE MATERIA - TERMINO TEMÁTICO
Término temático o nombre geográfico como elemento de entrada CALVINO
773 0# - HOST ITEM ENTRY
Title Reformed World
942 ## - TIPO DE MATERIAL (KOHA)
Tipo de Item KOHA Artículos de Revista
Existencias
Estado de Material Estado de Perdido Estado de Dañado No para Préstamo Colección Biblioteca de Origen Biblioteca Permanente Fecha de Adquisición Total de Préstamos Signatura Topográfica Última vez visto Fecha de Remplazo Tipo de Material
        Colección de Hemeroteca Biblioteca FUSBC Biblioteca FUSBC 26/01/2016   26/01/2016 26/01/2016 Artículos de Revista

Biblioteca FUSBC | Teléfono: (57+4) 349 88 10 Ext. 141| WhatsApp (+57) 3005338115 
E-mail: biblioteca@unisbc.edu.co | Calle 76 87-14 Robledo Palenque, Medellín, Colombia

Con tecnología Koha